| 000 | 00839ntm a22002177a 4500 | ||
|---|---|---|---|
| 005 | 20170809142045.0 | ||
| 008 | 170802s201 xx a frb 000 0 eng d | ||
| 040 |
_aEG-ScBUE _beng _cEG-ScBUE |
||
| 082 | 0 | 4 |
_a624 _bFOU _222 |
| 100 | 1 | _aFouad, Amr Kamal El-din. | |
| 245 | 1 | 0 |
_aIntroducing the performance based design method as a new approach in the earthquake engineering / _cAmr Kamal El-din Fouad. |
| 260 | _c2013. | ||
| 300 |
_a70 p. : _bill. (col.) ; _c28 cm. |
||
| 500 | _aA dissertation submitted to the faculty of engineering, The British University in egypt, in partial fulfillment of the requirements for the bachelor degree in civil engineering. | ||
| 590 | _amai allam | ||
| 650 | 7 |
_2BUEsh _aCivil Engineering. _vProjects |
|
| 653 |
_bENGCIV _cApril2017 |
||
| 655 | _vSPRO | ||
| 700 | 1 |
_aShedid, Marwan. _eths |
|
| 942 | _2ddc | ||
| 999 |
_c25257 _d25229 |
||